=LDR 00000nam 2200000 4500 =001 INLIS000000000001810 =005 20130612090210 =008 ***********************************Ind** =035 ##$$0010-061300000001810 =041 ##$$a Ind =082 ##$$a 710.21 =090 ##$$a 710.21, Win =100 ##$$a Winitasasmita, Mohd. Hidayat =245 ##$$a Angklung, petunjuk praktis, Mohd. Hidayat Winitasasmita, Drs. Budiman =260 ##$$a 1978 $b Jakarta =300 ##$$a 68 hlm, Ilus, 21 cm =650 ##$$a Kesenian-Angklung =700 ##$$a Budiman =850 ##$$a NBPNMAT